000 00549nam a2200205Ia 4500
005 20250326140544.0
008 250326s9999 xx 000 0 und d
020 _a0-13-919978-0
037 _aTextbook
040 _aFMSL
_beng
_cFMSL
041 _aeng
_2eng
084 _aX:89A N8
_qFMSL
100 _aBlanchard B S
_9735590
245 0 _aLogistics engineering and management
_cBlanchard B S
250 _a5
260 _aUSA
_bUSA, Prentice Hall
_c1998
300 _a526p
942 _cTB
_hX:89A N8
999 _c1286287
_d1286287